amour toxic dadju paroles - Statistiques

Statistiques générales
  • Ce quiz a été pris 212 fois
  • Le résultat moyen est 354 sur 482
Statistiques - réponses
Réponse % Correct
À
98%
à
98%
a
98%
s'
96%
l'
95%
T'
95%
C'
94%
c'
94%
m'
94%
d'
91%
J'
91%
j'
91%
qu'
89%
est
88%
et
86%
Et
86%
Le
86%
le
86%
de
85%
la
85%
On
85%
on
85%
En
84%
quand
84%
Quand
84%
(quand
84%
n'
82%
te
82%
aime
81%
du
81%
moi,
81%
moi
81%
tour,
80%
se
79%
ça
78%
encore
78%
encore,
78%
Encore
78%
y
78%
guerre,
77%
sans
77%
toxique,
77%
fait
76%
plus
75%
sort
75%
Un
75%
un
75%
lot
74%
lot)
74%
qui
74%
gagner
73%
même
73%
mots
73%
mots)
73%
son
73%
vouloir
73%
"au
72%
chacun
72%
complique,
72%
les
72%
que
72%
tu
72%
Tu
72%
amour
71%
amour,
71%
balle
70%
toi,
70%
autre,
69%
changer
69%
dos
69%
dos)
69%
prend
69%
près
69%
aimes
68%
dit
68%
plutôt
68%
avis
67%
préfère
67%
une
67%
chez
66%
jamais
66%
pour
66%
"pour
66%
prendra
66%
tourne
66%
première
65%
terminé
65%
des
63%
tournes
63%
fois
62%
mais
62%
préfères
62%
déter'
61%
est-ce
61%
moitié
61%
parce
61%
temps
61%
connaît,
60%
cette
59%
nous,
58%
perd
57%
dans
56%
pourra
56%
regagner
56%
sûr
56%
disputer,
55%
revoir"
55%
être
54%
pas
54%
Entre
52%
il
52%
difficile
51%
peine
51%
trop
51%
reste
50%
va
50%
discours
49%
force
49%
terminer
49%
avec
48%
écouter
48%
noir,
48%
Perrier
48%
supporte
48%
yeah
48%
bouteille
47%
dernier
47%
éparpiller
47%
sourd,
47%
toujours"
47%
"toujours"
47%
calendrier
46%
électricité
46%
fois-ci,
46%
bulles
45%
ampoule
44%
amuser
44%
Faut
44%
barillet
43%
eh)
43%
éloignés
43%
tant
43%
espoir
42%
persuader
42%
déterminer
41%
finir
41%
garde
41%
nom
41%
chaque
38%
notre
37%
personne
36%
tout
36%
(ah,
35%
ah)
35%
course,
35%
accepte
33%
bye)
33%
cendrier
33%
(good
33%
jusqu'
27%
tasser
25%
moment,
19%
mois
17%
six
17%
(yah)
17%
0%
rеtours
0%
Aucun quiz correspondant
Distribution des résultats
% des personnes avec chaque résultat
Percentile par nombre de réponses
Votre historique - résultats
Vous n’avez pas pris ce quiz